00809nam a22002537a 45000010005000000030006000050050017000110080041000280200018000690400029000870500012001160820017001281000033001452450059001782500009002372600031002463000045002775050007003225200145003295210019004745210018004936500026005116500018005375291FISKH20241125083413.0241125b cb ||||| |||| 00| 0 eng d a9780899192253 aFISKHbengcFISKHdFISKH aPZ8.C43 a398.24528617 aGaldone, Pauld(1907–1986) aHenny Penny /cRetold and Illustrated by Paul Galdone  a1968 aNew York :bClaron,c1968. a32 pages :bColor illustrations ;c18 cm aR  aIn a cumulative tale, Henny Penny and her friends are on the way to tell the king that the sky is falling when they are met by a clever fox.8 a660L bLexile 8 aR bRaz-Plus  2FictionaPicture book 2FolktaleaHen